Statistics for South China Sea General Knowledge

Click here to take the quiz!

General Stats

  • This quiz has been taken 54 times
  • The average score is 14 of 20

Answer Stats

QuestionAnswer% Correct
What river starts in Tibet and empties into the sea in southern Vietnam?Mekong
100%
What is the former name of Ho Chi Minh City?Saigon
98%
What island is shared by Brunei, Indonesia and Malaysia?Borneo
98%
Which two former European colonies were given back to China in the late 90s?Hong Kong
98%
What country has been building artificial islands in the sea in order to claim territory?China
95%
What landlocked country is located only 42 km from the sea?Laos
95%
Which two former European colonies were given back to China in the late 90s?Macau
90%
What is the largest island that is controlled by the People's Republic of China?Hainan
88%
What country controls the Riau Islands?Indonesia
81%
In what island were 80,000 British soldiers captured, when the Japanese invaded it?Singapore
81%
What is the biggest capital along the South China Sea coast?Manila
79%
What is the capital of Brunei?Bandar Seri {Begawan}
74%
What long, narrow strait between Sumatra and Malaysia, connects the
South China Sea to the Andaman Sea?
{Malacca} Strait
67%
What gulf do you have to cross from Bangkok, while sailing,
before reaching the South China Sea?
Gulf of {Thailand}
62%
What Chinese province is Guangzhou located in?Guangdong
48%
In what gulf was USS Maddox attacked by the North Vietnamese Navy boats?Gulf of {Tonkin}
48%
What is the biggest city in Central Vietnam?Da Nang
48%
What is the biggest city on Taiwan's southern coast?Kaohsiung
33%
What Filipino island mainly separates South China Sea from the Sulu Sea?Palawan
31%
What river flows through Hanoi, before emptying into the sea?Red River
26%

Score Distribution

Percentile by Number Answered

Percent of People with Each Score

Your Score History

You have not taken this quiz